Alle Torhüter der Fußball Bundesliga 22/23 - Statistiken

Allgemein
  • Dieses Quiz wurde 589 mal gespielt
  • Das Durchschnittsergebnis liegt bei 20 aus 36
Antwortstatistiken
Verein Name Nation % Korrekt
FC Bayern München Manuel Neuer Deutschland
98%
Borussia Dortmund Gregor Kobel Schweiz
97%
FC Bayern München Yann Sommer Schweiz
97%
Eintracht Frankfurt Kevin Trapp Deutschland
85%
Bayer 04 Leverkusen Lukas Hradecky Finnland
82%
TSG 1899 Hoffenheim Oliver Baumann Deutschland
80%
1.FC Köln Timo Horn Deutschland
76%
SC Freiburg Mark Flekken Niederlande
74%
RB Leipzig Peter Gulasci Ungarn
73%
1. FC Union Berlin Frederik Rönnow Dänemark
72%
Werder Bremen Jiri Pavlenka Tschechien
72%
VFL Wolfsburg Koen Casteels Belgien
71%
FC Schalke 04 Ralf Fährmann Deutschland
70%
VfB Stuttgart Florian Müller Deutschland
67%
Borussia Mönchengladbach Jonas Omlin Schweiz
67%
VFL Bochum Manuel Riemann Deutschland
66%
Borussia Dortmund Alexander Meyer Deutschland
65%
1.FC Köln Marvin Schwäbe Deutschland
65%
FC Schalke 04 Alexander Schwolow Deutschland
62%
1. FSV Mainz 05 Robin Zentner Deutschland
60%
RB Leipzig Janis Blaswich Deutschland
57%
Hertha BSC Andreas Christensen Dänemark
50%
FC Augsburg Rafal Gikiewicz Polen
49%
1. FSV Mainz 05 Finn Dahmen Deutschland
47%
FC Augsburg Tomas Koubek Tschechien
41%
VfB Stuttgart Fabian Bredlow Deutschland
36%
Werder Bremen Michael Zetterer Deutschland
34%
SC Freiburg Noah Atubolu Deutschland
33%
VFL Wolfsburg Pavao Pervan Österreich
32%
Borussia Mönchengladbach Jan Olschowsky Deutschland
29%
1. FC Union Berlin Lennart Grill Deutschland
27%
TSG 1899 Hoffenheim Philipp Pentke Deutschland
22%
Eintracht Frankfurt Diant Ramaj Deutschland
20%
Bayer 04 Leverkusen Patrick Pentz Österreich
16%
Hertha BSC Tjark Ernst Deutschland
16%
VFL Bochum Marko Johansson Schweden
12%
Keine übereinstimmenden Quizze gefunden
Verteilung der Resultate
Anzahl Personen mit jedem Resultat
Perzentil nach korrekt beantworteten Fragen
Ihre Resultats-Entwicklung
Sie haben dieses Quiz noch nicht gespielt